000 00480nam a2200169Ia 4500
003 GCL
008 140319s9999 xx 000 0 eng d
040 _aGCL /
_cGCL
082 0 4 _a788.36
_bT C
100 1 _aTHOMSON, JOHN MANSFIELD
245 1 0 _aTHE CAMBRIDGE COMPANIION TO THE RECORDER /
_cTHOMSON, JOHN MANSFIELD
260 _a[S.N] :
_bCAMBRIBGE UNIVERSITY PRESS ،
_c1995
300 _a238
650 0 4 _aMUSIC
650 0 4 _aRECORDER (MUSICAL INSTRUMENT)
942 _2ddc
_cBK
999 _c24086
_d24086